00688nam a2200181 a 450000100100000000500170001000800410002704000250006808200150009310000170010824500920012526000740021730000350029165100230032665100370034965100600038665100600044600002717820200930030643.0110330s1957 dr a 000 | spa d aDO-SdBNPbspacBNPHU a946bR995e1 aRymer K., R.10aEspaña :bheroica y gloriosa ; (algo de lo que me enseña mi maestro) /cR. Rymer V. aCiudad Trujillo, República Dominicana :bEditora del Caribe,c1957. axxxix, 185 p. :bil. ;c23 cm. 4aEspañaxHistoria 4aRepública DominicanaxHistoria 4aRepública DominicanaxRelaciones ExterioreszEspaña 4aEspañaxRelaciones ExterioreszRepública Dominicana